| 000 | 00950nam a2200253 a 4500 | ||
|---|---|---|---|
| 999 |
_c12082 _d12082 |
||
| 001 | 12082 | ||
| 003 | BD-JhCC | ||
| 005 | 20210314094318.0 | ||
| 008 | 200329s19992019b a|||| ||a| 001 0 ben d | ||
| 020 | _a9789840423200 | ||
| 035 | _a(BD-JhCC)12082 | ||
| 040 |
_aBD-JhCC _dBD-JhCC |
||
| 041 | _abengali | ||
| 082 |
_a923.1 _bCHO 2017 |
||
| 100 | _aচৌধুরী,খালেদা এদিব | ||
| 245 |
_aবঙ্গবন্ধু শেখ মুজিব: _bএক সমুদ্র জীবন / _cখালেদা এদিব চৌধুরী। |
||
| 260 |
_aঢাকা: _bআগামী প্রকাশী; _c২০১৯. |
||
| 300 |
_a২০৮ পৃ. : _c২০ সেমি. |
||
| 500 | _a[বঙ্গবন্ধুর কিশোর উপযোগী রাজনৈতিক জীবনী] | ||
| 600 | _aRahaman, shekh Mojibur | ||
| 650 | _aBiography | ||
| 942 |
_2ddc _cBK |
||